000 00834cam a22002771 4500
001 6425
003 BD-RjUL
005 20211208234236.0
008 140111s1964 pk ac 001 0 eng
035 _a(BD-RjUL)6465
035 _a(OCoLC)272399
040 _aDLC
_cOClW
_dOCoLC
_dDLC
_dBD-RjUL
_beng
041 _aeng
082 _a355.095491
_bKHS 1964
100 1 _aKhan, Fazal Muqueem.
_920229
245 1 4 _aThe story of the Pakistan Army /
_cKhan. Fazal Muqeem
250 _a2d ed.
260 _aKarachi,
_bPakistan Branch, Oxford University Press,
_cc1963 [1964]
300 _ax, 250 p. :
_billus. ports. ;
_c23 cm.
504 _aIncludes index and bibliography (p. 243-245).
610 1 0 _aPakistan.
_bArmy.
_936135
740 0 _aPakistan Army.
942 _2ddc
_cBK
_01
999 _c6425
_d6425